Dibujo técnico básico /
Uloženo v:
| Hlavní autor: | |
|---|---|
| Další autoři: | |
| Médium: | Kniha |
| Jazyk: | španělština |
| Vydáno: |
México :
CECSA,
1975-2002, c1973
|
| Témata: | |
| Tagy: |
Žádné tagy, Buďte první, kdo vytvoří štítek k tomuto záznamu!
|
MARC
| LEADER | 00000nam^a2200000^a^4500 | ||
|---|---|---|---|
| 001 | 000025713 | ||
| 005 | 20260624000000.0 | ||
| 009 | 20260625155438.287 | ||
| 020 | |a 968-26-0895-3 | ||
| 037 | |a Acervo ITESO - Biblioteca | ||
| 041 | |a ESP | ||
| 082 | |a 604. 2 |b SPE | ||
| 100 | |a Spencer, Henry Cecil |e (autor) | ||
| 240 | 1 | 1 | |a [Dibujo técnico básico, de H.C. Spencer] |
| 245 | 1 | 0 | |a Dibujo técnico básico / |c H.C. Spencer, J.T. Dygdon ; tr. por Antonio Galán Patiño. |
| 264 | 4 | |a México : |b CECSA, |c 1975-2002, c1973 | |
| 300 | |a 511 p. | ||
| 336 | |a texto |b txt |2 rdacontenido | ||
| 337 | |a sin mediación |b n |2 rdamedio | ||
| 338 | |a volumen |b nc |2 rdasoporte | ||
| 500 | |a Traducción de: Basic Technical Drawing | ||
| 649 | |a XX | ||
| 650 | |a Dibujo Técnico - |x Tema Principal | ||
| 650 | |a Ingeniería | ||
| 700 | |a Dygdon, John Thomas |e (autor) | ||
| 910 | |a Fondo General | ||
| 920 | |a Impresos - Libros | ||
| 930 | |a Colección General | ||
| 905 | |a 101 | ||
| 901 | |a 0500241734 |b IT1 |c ACC |i D67185 |u 20260624 | ||
| 902 | |a https://opac.biblio.iteso.mx/vufind/Record/000025713 | ||